Vista normal
Vista MARC
Entrada Nombre corporativo
Número de registros utilizados en: 4
001 - NÚMERO DE CONTROL
- campo de control: 88331
003 - IDENTIFICADOR DEL NÚMERO DE CONTROL
- campo de control: DO-SdBNP
005 - FECHA Y HORA DE LA ÚLTIMA TRANSACCIÓN
- campo de control: 20250711112211.0
008 - DATOS DE LONGITUD FIJA
- campo de control de longitud fija: 250711|| aca||aabn | a|a d
040 ## - FUENTE DE LA CATALOGACIÓN
- Centro catalogador/agencia de origen: DO-SdBNP
- Centro/agencia transcriptor: DO-SdBNP
110 ## - ENCABEZAMIENTO-NOMBRE DE ENTIDAD CORPORATIVA
- Nombre de entidad corporativa o nombre de jurisdicción como elemento de entrada: Foro ciudadano RD
670 ## - FUENTE DE DATOS ENCONTRADOS
- Cita de la fuente: Work cat.: (DO-SdBNP)59506: Foro ciudadano RD, Por una vivienda digna en suelo seguro /
